000
00233nam a2200097Ia 4500
005
20251222114409.0
008
251222s1900||||xx |||||||||||||| ||spa||
082
_a
DVD0010/H12/2000
245
0
_a
Prueba de vida:Proof Of Life
942
_c
DVD
999
_c
1956
_d
1956